000 01099nam a22004090a 4500
001 PT59771
003 AR-LpoUNG
005 20210131231929.0
008 191001s2015||||ag |||||||||||||||||spa d
020 _a9789876295932
_c$14
040 _aAR-LpoUNG
_bspa
_cAR-LpoUNG
_eaacr
041 _aspa
044 _aag
082 0 _a982.064 633rev
100 1 _aSlipak, Daniela
245 1 4 _aLas revistas montoneras :
_bcómo la organización construyó su identidad a través de sus publicaciones
250 _a1ra. ed.
260 _aBuenos Aires :
_bSiglo Veintiuno,
_c2015.
300 _a269 p. :
_btbls., fot.
650 4 _aANALISIS HISTORICO
650 4 _aARGENTINA
650 4 _aDICTADURA
650 4 _aGOBIERNO MILITAR
650 4 _aGOLPES DE ESTADO
650 4 _aHISTORIA
650 4 _aHISTORIA POLITICA
650 4 _aIDEOLOGIAS POLITICAS
650 4 _aPROPAGANDA
650 4 _aPUBLICACIONES PERIODICAS
650 4 _aREVOLUCION
650 4 _aTERRORISMO
651 4 _aArgentina
653 _aMONTONEROS
653 _aPERONISMO
905 _a59771
942 _cLIB
999 _c12701
_d12701